000 00284nam a2200097Ia 4500
001 1160840
005 20250827011614.0
008 250824s9999 xx 000 0 und d
245 0 _aFRANZ DEDEKTİFLİK HİKAYESİ
_cCHRİSTİNE NÖSTLİNGER
260 _bGÜNIŞIĞI KİTAPLIĞI YAYINLARI
999 _c1160840
_d1160840